ბათუმის შოთა რუსთაველის სახელმწიფო უნივერსიტეტის ბიბლიოთეკა

გარემოსდაცვითი და აგრარული განათლება სკოლაში : დამხმარე სახელმძღვანელო ზოგადი განათლების დაწყებითი საფეხურის მასწავლებლებისთვის : (ბიბ.ჩანაწერი № 63650)

000 -ლიდერი
ფიქსირებული სიგრძის საკონტროლო ველი 02099nam a22002537a 4500
003 - საკონტროლო ნომრის იდენტიფიკატორი
საკონტროლო ველი Ge_BSU
005 - ბოლო ოპერაციის თარიღი და დრო
საკონტროლო ველი 20251121193930.0
008 - ფიქსირებული სიგრძის მონაცემთა ელემენტები - ზოგადი ინფორმაცია
ფიქსირებული სიგრძის საკონტროლო ველი 251121s2025 ge ||||| |||| 00| 0 geo d
020 ## - წიგნის საერთაშორისო სტანდარტული ნომერი
International Standard Book Number 9789941839061
041 ## - ენის კოდი
Language code of text/sound track or separate title geo
080 ## - უნივერსალური ათობითი კლასიფიკაციის ინდექსი
Universal Decimal Classification number 502.7(072) :551.583 გ-21
245 ## - ცნობა სათაურის შესახებ
Title გარემოსდაცვითი და აგრარული განათლება სკოლაში : დამხმარე სახელმძღვანელო ზოგადი განათლების დაწყებითი საფეხურის მასწავლებლებისთვის :
Remainder of title [8 წიგნად]. წიგნი 6, კლიმატის ცვლილება და ბუნებრივი საფრთხეების შემცირება /
Statement of responsibility, etc სახელმძღვანელოს შექმნაზე მუშაობდნენ: მაია ბლიაძე, თეონა შუბლაძე, ნათია სარალიძე, მარიამ არჩუაძე; კომპლ. დავალებების შექმნაზე მუშაობდა მანანა ვარაზაშვილი; დიზაინერი თამარ გორჯოლაძე.
264 ## - წარმოების, გამოცემის, დისტრიბუციის და სხვა ცნობები
გამოცემის, წარმოების, დისტრიბუციის... ადგილი თბილისი,
გამოცემის, წარმოების, დისტრიბუციის... თარიღი 2025.
300 ## - ფიზიკური აღწერა
Extent 146 გვ. :
Other physical details ილ. ;
Dimensions 30 სმ.
504 ## - BIBLIOGRAPHY, ETC. NOTE
Bibliography, etc ბიბლიოგრაფია: გვ. 146.
653 ## - INDEX TERM--UNCONTROLLED
Uncontrolled term კლიმატის ცვლილება
700 ## - ADDED ENTRY--PERSONAL NAME
Personal name ბლიაძე, მაია
Relator term ავტორი
9 (RLIN) 3279
700 ## - ADDED ENTRY--PERSONAL NAME
Personal name შუბლაძე, თეონა
Relator term ავტორი
9 (RLIN) 26287
700 ## - ADDED ENTRY--PERSONAL NAME
Personal name სარალიძე, ნათია
Relator term ავტორი
9 (RLIN) 26288
700 ## - ADDED ENTRY--PERSONAL NAME
Personal name არჩუაძე, მარიამ
Relator term ავტორი
9 (RLIN) 26289
700 ## - ADDED ENTRY--PERSONAL NAME
Personal name ვარაზაშვილი, მანანა
Relator term ავტორი
9 (RLIN) 4332
700 ## - ADDED ENTRY--PERSONAL NAME
Personal name გორჯოლაძე, თამარ,
Relator term დიზაინერი
9 (RLIN) 26290
942 ## - ADDED ENTRY ELEMENTS (KOHA)
Source of classification or shelving scheme
Koha item type წიგნი
ეგზემპლარები
ჩამოწერის სტატუსი დაკარგული ეგზემპლარის სტატუსი კლასიფიკაციის წყარო ან თაროზე გაწყობის სქემა დაზიანების სტატუსი არ გაიცემა მუდმივი მდებარეობა (დაცვის ადგილი) ამჟამინდელი ადგილსამყოფელი თაროზე განთავსების ადგილი შეძენის თარიღი ღირებულება, შესყიდვის ნორმალური ფასი სრული შენახვის შიფრი შტრიხკოდი ბოლო ოპერაციის თარიღი ეგზემპლარის მიმდევრობითი ნომერი (კეტერი?) ფასის ძალაში შესვლის თარიღი ეგზემპლარის სახეობა საჯარო შენიშვნა
          ბათუმის შოთა რუსთაველის სახელმწიფო უნივერსიტეტის მთავარი ბიბლიოთეკა ბათუმის შოთა რუსთაველის სახელმწიფო უნივერსიტეტის მთავარი ბიბლიოთეკა წიგნსაცავი 2025-11-21 10.00 502.7(072) :551.583 გ-21 73144 2025-11-21 73144 2025-11-21 წიგნი 10 ლ.
          ბათუმის შოთა რუსთაველის სახელმწიფო უნივერსიტეტის მთავარი ბიბლიოთეკა ბათუმის შოთა რუსთაველის სახელმწიფო უნივერსიტეტის მთავარი ბიბლიოთეკა წიგნსაცავი 2025-11-21 10.00 502.7(072) :551.583 გ-21 73153 2025-11-21 73153 2025-11-21 წიგნი 10.00